[Event "XXIV Festival A"]
[Site "Arco ITA"]
[Date "2002.10.18"]
[Round "1"]
[White "Papp, Tamas"]
[Black "Drasko, Milan"]
[Result "0-1"]
[WhiteElo "2078"]
[BlackElo "2477"]
[PlyCount "94"]
[EventDate "2002.10.18"]

1. e4 e6 2. d4 d5 3. Nc3 Bb4 4. e5 Ne7 5. Bd2 c5 6. f4 O-O 7. Nf3 f6 8. Bd3
cxd4 9. Ne2 Qb6 10. O-O Nbc6 11. exf6 Rxf6 12. Ng5 h6 13. Ng3 hxg5 14. Qh5 Nf5
15. Nxf5 exf5 16. fxg5 g6 17. Qh6 Bf8 18. Qh4 Rf7 19. Rae1 Bd7 20. g4 Nb4 21.
Rf3 Rh7 22. Qg3 Nxd3 23. cxd3 Bd6 24. Bf4 fxg4 25. Rf2 Rh3 26. Qg2 Rf3 27. Rxf3
gxf3 28. Qxf3 Qc6 29. Rc1 Bxf4 30. Rxc6 Be3+ 31. Kg2 bxc6 32. Qf6 Bf5 33. Qxc6
Rd8 34. h4 Rd7 35. Qc8+ Kg7 36. Qe8 Rf7 37. Qe5+ Kg8 38. h5 gxh5 39. Qxd5 Bxd3
40. Qe5 Bg6 41. Qe8+ Kh7 42. Qe5 Bf2 43. Qd5 d3 44. b4 Be3 45. a4 d2 46. b5 Re7
47. Kf1 Bxg5 0-1

[Event "XXIV Festival A"]
[Site "Arco ITA"]
[Date "2002.10.18"]
[Round "1"]
[White "Ricci, Alfredo"]
[Black "Belotti, Bruno"]
[Result "0-1"]
[WhiteElo "2048"]
[BlackElo "2419"]
[PlyCount "34"]
[EventDate "2002.10.18"]

1. e4 c5 2. Nf3 d6 3. d4 cxd4 4. Nxd4 Nf6 5. Nc3 Nc6 6. Be2 g6 7. g4 Bg7 8. g5
Nxe4 9. Nxc6 Nxc3 10. Nxd8 Nxd1 11. Nxf7 Nxf2 12. Nxd6+ exd6 13. Kxf2 O-O+ 14.
Ke1 Bh3 15. c3 Rae8 16. Kd1 Rf2 17. Re1 Rexe2 0-1

[Event "XXIV Festival A"]
[Site "Arco ITA"]
[Date "2002.10.18"]
[Round "1"]
[White "Roversi, Stefano"]
[Black "Molnar, Bela"]
[Result "0-1"]
[WhiteElo "2043"]
[BlackElo "2404"]
[PlyCount "52"]
[EventDate "2002.10.18"]

1. e4 c5 2. Nf3 e6 3. d4 cxd4 4. Nxd4 a6 5. c4 Nf6 6. Nc3 Qc7 7. Bd3 Bd6 8. Be3
b6 9. h3 Bb7 10. Qd2 Bb4 11. Qc2 Nc6 12. Nde2 Ne5 13. Bf4 Bd6 14. Be3 Nxc4 15.
Bxc4 Qxc4 16. Qa4 Qxa4 17. Nxa4 Bb4+ 18. Nec3 Nxe4 19. Bxb6 Rc8 20. Rc1 d6 21.
O-O Ke7 22. Rfd1 Nxc3 23. bxc3 Ba3 24. Rc2 Bc6 25. Nb2 Rb8 26. Nc4 Ba4 0-1

[Event "XXIV Festival A"]
[Site "Arco ITA"]
[Date "2002.10.18"]
[Round "1"]
[White "Rudolf, Anna"]
[Black "Blagojevic, Dragisa"]
[Result "0-1"]
[WhiteElo "2100"]
[BlackElo "2537"]
[PlyCount "104"]
[EventDate "2002.10.18"]

1. e4 e5 2. Nf3 Nc6 3. Bb5 a6 4. Ba4 Nf6 5. d4 exd4 6. O-O Be7 7. e5 Ne4 8.
Nxd4 O-O 9. Bf4 Nc5 10. c3 f6 11. Bc2 Nxe5 12. Bxe5 fxe5 13. Qh5 h6 14. Qxe5 d5
15. Nd2 c6 16. Rae1 Bd6 17. Qh5 Qf6 18. Qg6 Qxg6 19. Bxg6 Bd7 20. N2f3 Rf6 21.
Bc2 Ne6 22. Nxe6 Rxe6 23. Rxe6 Bxe6 24. Re1 Bf7 25. Nd4 g6 26. h4 c5 27. Nf3
Re8 28. Rxe8+ Bxe8 29. Bb3 Bc6 30. h5 g5 31. Kf1 Kf7 32. g4 Bf4 33. Ne1 c4 34.
Bd1 Bc1 35. b3 Bd2 36. bxc4 dxc4 37. Nc2 Bxc3 38. Ne3 b5 39. Nf5 Bg7 40. Ke2
Bf8 41. Ke3 Bd5 42. Kd4 Be6 43. Ne3 Ke7 44. Bf3 Kd6 45. Bb7 a5 46. Ke4 c3 47.
Kd3 b4 48. a3 bxa3 49. Bf3 a2 50. Nc2 Bb3 51. Na1 a4 52. Be4 Bg7 0-1

[Event "XXIV Festival A"]
[Site "Arco ITA"]
[Date "2002.10.18"]
[Round "1"]
[White "Sedina, Elena"]
[Black "Stinis, Steven"]
[Result "1-0"]
[WhiteElo "2428"]
[BlackElo "2053"]
[PlyCount "93"]
[EventDate "2002.10.18"]

1. e4 Nf6 2. e5 Nd5 3. d4 d6 4. c4 Nb6 5. exd6 cxd6 6. Nc3 g6 7. Be2 Bg7 8. Nf3
O-O 9. O-O Nc6 10. b3 Bg4 11. Be3 e5 12. dxe5 dxe5 13. c5 Nc8 14. Qxd8 Rxd8 15.
Rad1 N8e7 16. h3 Bxf3 17. Bxf3 Nf5 18. Bd5 Kf8 19. Ne4 Ke7 20. Nd6 Nxd6 21.
cxd6+ Ke8 22. f4 f5 23. fxe5 Bxe5 24. Rfe1 Kd7 25. Bg5 Bxd6 26. Bxd8 Rxd8 27.
Kf1 Kc7 28. Bxc6 Kxc6 29. Re6 Kc7 30. Ke2 a5 31. a4 Bc5 32. Rxd8 Kxd8 33. Re5
b6 34. Kd3 Kd7 35. Kc4 Bd6 36. Re2 Bc5 37. Kd5 Bg1 38. Re6 Bc5 39. Re1 Bf2 40.
Re2 Bg1 41. h4 Bc5 42. Re6 Kc7 43. h5 Kb7 44. hxg6 hxg6 45. Rxg6 Be3 46. Rf6 f4
47. Ke4 1-0

[Event "XXIV Festival A"]
[Site "Arco ITA"]
[Date "2002.10.19"]
[Round "2"]
[White "Ager, Josef"]
[Black "Ivanov, Mikhail M."]
[Result "0-1"]
[WhiteElo "2223"]
[BlackElo "2456"]
[PlyCount "70"]
[EventDate "2002.10.18"]

1. d4 d6 2. Nf3 g6 3. c4 Bg7 4. Nc3 Bg4 5. e3 c5 6. dxc5 Bxc3+ 7. bxc3 dxc5 8.
Qxd8+ Kxd8 9. Ne5 Be6 10. a4 Nd7 11. Nxd7 Kxd7 12. a5 Nf6 13. f3 Ne8 14. Be2
Nd6 15. Ra4 b6 16. Ba3 Kc7 17. Bb2 Nb7 18. a6 Na5 19. Bd3 Bc8 20. Ke2 Bxa6 21.
Ba3 Rab8 22. Rd1 Rhd8 23. Bxc5 bxc5 24. Rxa5 Rb2+ 25. Rd2 Rxd2+ 26. Kxd2 Kb6
27. Ra4 Bb7 28. Ke2 a5 29. Ra3 Bc6 30. Bc2 Ka6 31. e4 Rb8 32. Ra2 Bd7 33. Kd2
e5 34. Ra1 Be6 35. Ra4 h5 0-1

[Event "XXIV Festival A"]
[Site "Arco ITA"]
[Date "2002.10.19"]
[Round "2"]
[White "Allegranti, Luca"]
[Black "Roversi, Stefano"]
[Result "1-0"]
[WhiteElo "1858"]
[BlackElo "2043"]
[PlyCount "69"]
[EventDate "2002.10.18"]

1. d4 Nf6 2. Bg5 Ne4 3. Bf4 d5 4. f3 Nf6 5. e3 Nc6 6. Bd3 g6 7. Ne2 Nb4 8. Nbc3
Bg7 9. Nb5 Na6 10. c3 c6 11. Na3 b5 12. Nc2 O-O 13. e4 dxe4 14. fxe4 Qb6 15. b4
Nc7 16. a4 bxa4 17. Ne3 Nb5 18. Qxa4 Ng4 19. Nc4 Qd8 20. Qc2 e6 21. h3 Qh4+ 22.
Bg3 Qh6 23. O-O Ne3 24. Nxe3 Qxe3+ 25. Kh2 Qg5 26. Ra5 a6 27. c4 Bb7 28. cxb5
cxb5 29. Bd6 Rfd8 30. Qc7 Qe3 31. Qxf7+ Kh8 32. Qxb7 Qxd3 33. Rf7 Qxe2 34. Rxg7
Qh5 35. Be5 1-0

[Event "XXIV Festival A"]
[Site "Arco ITA"]
[Date "2002.10.19"]
[Round "2"]
[White "Astengo, Marcello"]
[Black "Ruzzier, Dario"]
[Result "1-0"]
[WhiteElo "2092"]
[BlackElo "1996"]
[PlyCount "61"]
[EventDate "2002.10.18"]

1. d4 d5 2. Nf3 Nf6 3. Bf4 c5 4. c3 Nc6 5. e3 Qb6 6. Qb3 c4 7. Qxb6 axb6 8. Be2
Bf5 9. O-O b5 10. Nh4 e6 11. Nxf5 exf5 12. f3 b4 13. cxb4 Bxb4 14. Nc3 Bxc3 15.
bxc3 Ra3 16. Rfb1 Nd8 17. Bd1 Kd7 18. Rb6 Re8 19. Bc2 Re7 20. Bd6 Rxe3 21.
Bxf5+ Ne6 22. Bxa3 Kc7 23. Rab1 Rxc3 24. Rxb7+ Kc8 25. Rb8+ Kc7 26. R1b7+ Kc6
27. Rb6+ Kc7 28. Bd6+ Kd7 29. R8b7+ Kc8 30. Rxf7 Rc1+ 31. Kf2 1-0

[Event "XXIV Festival A"]
[Site "Arco ITA"]
[Date "2002.10.19"]
[Round "2"]
[White "Bartonicek, Zdenek"]
[Black "Maneschi, Giuseppe"]
[Result "1/2-1/2"]
[WhiteElo "2109"]
[BlackElo "1800"]
[PlyCount "50"]
[EventDate "2002.10.18"]

1. Nf3 g6 2. d4 Bg7 3. c4 d6 4. e4 Bg4 5. Be2 Nc6 6. Be3 Bxf3 7. Bxf3 e5 8. d5
Nd4 9. Nc3 Ne7 10. Qa4+ Qd7 11. Bd1 c6 12. O-O O-O 13. Ne2 Rfd8 14. b4 c5 15.
Qxd7 Rxd7 16. bxc5 dxc5 17. Nc3 Nc8 18. Ba4 Re7 19. f3 a6 20. Rab1 Nd6 21. Bb3
b5 22. Rf2 Rb7 23. Rfb2 Rab8 24. cxb5 axb5 25. Kf2 f5 1/2-1/2

[Event "XXIV Festival A"]
[Site "Arco ITA"]
[Date "2002.10.19"]
[Round "2"]
[White "Belotti, Bruno"]
[Black "Kleibaumhueter, Klaus"]
[Result "1-0"]
[WhiteElo "2419"]
[BlackElo "2184"]
[PlyCount "37"]
[EventDate "2002.10.18"]

1. e4 e6 2. d3 d5 3. Qe2 Nf6 4. Nf3 c5 5. g3 Nc6 6. Bg2 b6 7. O-O Bb7 8. e5 Nd7
9. c4 d4 10. h4 Qc7 11. Bf4 Be7 12. Nbd2 O-O-O 13. a3 h6 14. Rfe1 Rdg8 15. h5
g5 16. hxg6 Rxg6 17. Ne4 Ncxe5 18. Nxe5 Nxe5 19. Qh5 1-0

[Event "XXIV Festival A"]
[Site "Arco ITA"]
[Date "2002.10.19"]
[Round "2"]
[White "Blagojevic, Dragisa"]
[Black "Medancic, Rikard"]
[Result "1/2-1/2"]
[WhiteElo "2537"]
[BlackElo "2268"]
[PlyCount "77"]
[EventDate "2002.10.18"]

1. d4 d5 2. c4 c6 3. Nf3 Nf6 4. e3 Bf5 5. Nc3 e6 6. Nh4 Be4 7. f3 Bg6 8. Qb3
Qb6 9. Nxg6 hxg6 10. Bd2 Nbd7 11. O-O-O Be7 12. Bd3 dxc4 13. Bxc4 Qc7 14. g3 b5
15. Be2 a6 16. e4 c5 17. Bf4 Qa5 18. d5 c4 19. Qc2 e5 20. d6 b4 21. Nd5 b3 22.
axb3 Bxd6 23. Nxf6+ gxf6 24. Rxd6 cxb3 25. Bd2 Qa2 26. Qb1 Rc8+ 27. Bc3 Rxc3+
28. bxc3 Qa3+ 29. Qb2 Qxd6 30. Qxb3 Nc5 31. Qc4 O-O 32. Rd1 Qc7 33. Rd5 Rc8 34.
Kd1 Kg7 35. Ke1 Qa5 36. Kf1 Rc7 37. Qb4 Qa1+ 38. Rd1 Qa2 39. Qc4 1/2-1/2

[Event "XXIV Festival A"]
[Site "Arco ITA"]
[Date "2002.10.19"]
[Round "2"]
[White "Blasco, Domenico"]
[Black "Di Lazzaro, Gabriele"]
[Result "1-0"]
[WhiteElo "2056"]
[BlackElo "1985"]
[PlyCount "103"]
[EventDate "2002.10.18"]

1. d4 Nf6 2. e3 c5 3. c3 Qc7 4. Bd3 d6 5. Nf3 Nc6 6. O-O g6 7. Nbd2 Bg7 8. Qe2
O-O 9. Ne4 Nxe4 10. Bxe4 Rb8 11. Bd3 b6 12. d5 Ne5 13. Nxe5 Bxe5 14. e4 Bg7 15.
Bg5 e6 16. Qd2 exd5 17. exd5 c4 18. Be4 Re8 19. Rfe1 Bb7 20. Bf3 Qd7 21. Rxe8+
Rxe8 22. h3 f5 23. a4 Qf7 24. Be3 Ba8 25. a5 b5 26. a6 Qc7 27. Bd4 Bf8 28. Re1
Re7 29. Rxe7 Qxe7 30. Qe3 Qf7 31. Qe6 Qxe6 32. dxe6 Bxf3 33. gxf3 Be7 34. Bxa7
Bd8 35. Bb8 Bb6 36. a7 Bxa7 37. Bxa7 Kf8 38. Kf1 Ke7 39. Ke2 Kxe6 40. Ke3 Kd5
41. f4 h6 42. h4 Kc6 43. Bd4 h5 44. Bg7 Kc5 45. Bf8 Kd5 46. f3 Kc5 47. Kd2 Kc6
48. Kc2 Kc5 49. Kb1 b4 50. cxb4+ Kc6 51. Kc2 d5 52. Kc3 1-0

[Event "XXIV Festival A"]
[Site "Arco ITA"]
[Date "2002.10.19"]
[Round "2"]
[White "Borgo, Giulio"]
[Black "Svensson, Leif"]
[Result "1-0"]
[WhiteElo "2430"]
[BlackElo "2199"]
[PlyCount "75"]
[EventDate "2002.10.18"]

1. d4 Nf6 2. Nf3 e6 3. g3 d5 4. Bg2 c5 5. c4 Nc6 6. cxd5 exd5 7. O-O Bg4 8. Ne5
Be6 9. Nxc6 bxc6 10. dxc5 Bxc5 11. Qc2 Qb6 12. Nc3 Be7 13. Be3 Qa6 14. Na4 Nd7
15. Rfc1 Rc8 16. Nc5 Nxc5 17. Bxc5 Bxc5 18. Qxc5 Qb6 19. b4 Qxc5 20. Rxc5 Kd7
21. a3 f5 22. Rd1 Kd6 23. f4 Rhe8 24. Kf2 Bd7 25. Ra5 Rc7 26. Ke1 h6 27. Kd2
Re7 28. Kd3 Be8 29. Bf3 g5 30. h4 gxh4 31. gxh4 Rg7 32. Kd4 Rg3 33. Bxd5 Rg4
34. Bf3 Rxh4 35. Rxf5 Kd7 36. Rf6 Ke7 37. Ke5 Rc8 38. Rg1 1-0

[Event "XXIV Festival A"]
[Site "Arco ITA"]
[Date "2002.10.19"]
[Round "2"]
[White "Burchert, Wolfgang"]
[Black "Giancotti, Eraldo"]
[Result "1/2-1/2"]
[WhiteElo "2176"]
[BlackElo "1811"]
[PlyCount "117"]
[EventDate "2002.10.18"]

1. e4 d6 2. d4 Nf6 3. Nc3 g6 4. f4 Bg7 5. Nf3 O-O 6. Bd3 Nc6 7. e5 dxe5 8. dxe5
Nd5 9. Nxd5 Qxd5 10. Qe2 Nd4 11. Nxd4 Qxd4 12. c3 Qb6 13. Be3 Bg4 14. Qf2 Qc6
15. h3 Be6 16. O-O Bc4 17. Rfd1 Rfd8 18. Qc2 Bxd3 19. Rxd3 Qe6 20. Rad1 Rxd3
21. Qxd3 Qxa2 22. Qb5 b6 23. Rd7 Qb1+ 24. Kf2 g5 25. Rxe7 c6 26. Qxc6 Qxb2+ 27.
Kf3 Rf8 28. fxg5 Qc2 29. Qc4 Qd1+ 30. Kf2 Qc2+ 31. Kg3 b5 32. Qxb5 Qxc3 33. Qc5
Qe1+ 34. Kh2 a5 35. Bf4 Qe4 36. Bg3 a4 37. Qa7 Ra8 38. Qf2 Qg6 39. Qa2 Bf8 40.
Rc7 a3 41. Qd5 Ra6 42. Qa2 Qe6 43. Rc2 Kg7 44. Bf4 Kg6 45. Rf2 Bc5 46. Qc2+ Kg7
47. Qxc5 a2 48. Rf1 a1=Q 49. Rxa1 Rxa1 50. Qd6 Ra4 51. Qxe6 fxe6 52. Kg3 Kg6
53. Kg4 Ra2 54. g3 Ra3 55. h4 Rb3 56. h5+ Kf7 57. g6+ hxg6 58. h6 Rb8 59. Bg5
1/2-1/2

[Event "XXIV Festival A"]
[Site "Arco ITA"]
[Date "2002.10.19"]
[Round "2"]
[White "Cetkovic, Sergio"]
[Black "Skembris, Spyridon"]
[Result "0-1"]
[WhiteElo "2131"]
[BlackElo "2426"]
[PlyCount "66"]
[EventDate "2002.10.18"]

1. d4 c5 2. c3 Nf6 3. Nf3 Qc7 4. e3 d5 5. Ne5 g6 6. Bb5+ Bd7 7. Bxd7+ Nbxd7 8.
f4 Bg7 9. O-O O-O 10. Nd2 Rad8 11. Qf3 e6 12. g4 Nxe5 13. fxe5 Nd7 14. g5 Nb6
15. Qf4 Nc8 16. h4 Ne7 17. h5 gxh5 18. Qh2 Nf5 19. Rxf5 exf5 20. Qxh5 Qb6 21.
Nf3 Qg6 22. Qh3 f6 23. exf6 Bxf6 24. Qg2 Bg7 25. dxc5 Rde8 26. Kf2 Qc6 27. b4
Bxc3 28. Rb1 f4 29. exf4 Qg6 30. Bb2 Qxb1 31. Bxc3 Qc2+ 32. Bd2 Rxf4 33. Kg3
Rxf3+ 0-1

[Event "XXIV Festival A"]
[Site "Arco ITA"]
[Date "2002.10.19"]
[Round "2"]
[White "Dalponte, Dino"]
[Black "De Napoli, Giuseppe"]
[Result "0-1"]
[WhiteElo "2138"]
[BlackElo "1861"]
[PlyCount "78"]
[EventDate "2002.10.18"]

1. d4 Nf6 2. c3 d5 3. Bf4 e6 4. Nd2 Bd6 5. e3 Bxf4 6. exf4 c5 7. dxc5 Qc7 8. g3
Qxc5 9. Ngf3 Nbd7 10. Bd3 O-O 11. O-O b6 12. Qe2 Bb7 13. Nb3 Qc7 14. Ne5 Ne4
15. Rfe1 Rfe8 16. Nd4 Ndc5 17. Bb5 Rf8 18. f3 Nd6 19. b4 a6 20. bxc5 Nxb5 21.
Nxb5 axb5 22. Qxb5 bxc5 23. Reb1 Bc8 24. a4 f6 25. Nd3 c4 26. Qc5 Qd7 27. Nb2
Bb7 28. a5 Bc6 29. Nd1 Rfc8 30. Rb6 Ba4 31. Qe3 Bxd1 32. Rxd1 Rxa5 33. Rxe6 Kf7
34. Re1 Rc7 35. f5 d4 36. cxd4 Rd5 37. Rd1 c3 38. Rc1 c2 39. Qb3 Rb7 0-1

[Event "XXIV Festival A"]
[Site "Arco ITA"]
[Date "2002.10.19"]
[Round "2"]
[White "Di Lascio, Savino"]
[Black "Ricci, Alfredo"]
[Result "1/2-1/2"]
[WhiteElo "1864"]
[BlackElo "2048"]
[PlyCount "141"]
[EventDate "2002.10.18"]

1. Nf3 Nf6 2. g3 b6 3. Bg2 Bb7 4. O-O g6 5. d3 Bg7 6. e4 d6 7. c3 O-O 8. b4
Nbd7 9. Bb2 c5 10. a3 c4 11. e5 Bxf3 12. Qxf3 Nxe5 13. Qxa8 Qxa8 14. Bxa8 Rxa8
15. d4 Nd3 16. Bc1 Rc8 17. Ra2 e5 18. Be3 Nd5 19. Rc2 f5 20. Rd1 h6 21. Kf1 g5
22. a4 f4 23. Bc1 fxg3 24. hxg3 exd4 25. cxd4 N3xb4 26. Re2 Kf7 27. Na3 Nc3 28.
Nb5 Nxb5 29. axb5 d5 30. Ba3 Bf8 31. Bxb4 Bxb4 32. f4 gxf4 33. gxf4 Kf6 34. Kf2
Kf5 35. Kf3 Bd6 36. Rh1 Bxf4 37. Rh4 Bg5 38. Re5+ Kf6 39. Rh2 Rd8 40. Ke2 Rd6
41. Kd1 Kg6 42. Rf2 Rd7 43. Rff5 Bf6 44. Rxd5 Rc7 45. Rf3 Bg5 46. Rd6+ Kh5 47.
Rc6 Rd7 48. Rxc4 Kg4 49. Ra3 Bf4 50. Ke2 h5 51. Kf1 h4 52. Kg2 Rd5 53. Rb3 Bg3
54. Ra4 h3+ 55. Kh1 Bb8 56. Rc4 Bf4 57. Rb1 Kf3 58. Rf1+ Ke3 59. Ra4 Bb8 60.
Re1+ Kd2 61. Re8 Bd6 62. Rxa7 Rxb5 63. Ra1 Rb4 64. Rh8 h2 65. Ra2+ Kc3 66. Rh3+
Kc4 67. Rc2+ Kb5 68. Rh5+ Ka4 69. Ra2+ Kb3 70. Ra1 Rxd4 71. Rb5+ 1/2-1/2

[Event "XXIV Festival A"]
[Site "Arco ITA"]
[Date "2002.10.19"]
[Round "2"]
[White "Dittmar, Peter"]
[Black "Pap, Gyula"]
[Result "1/2-1/2"]
[WhiteElo "2320"]
[BlackElo "2126"]
[PlyCount "60"]
[EventDate "2002.10.18"]

1. c4 e6 2. g3 Nf6 3. Bg2 d5 4. Nf3 Bd6 5. O-O Nbd7 6. d4 c6 7. Nbd2 O-O 8. Qc2
Re8 9. Rd1 Qe7 10. e4 dxe4 11. Nxe4 Nxe4 12. Qxe4 e5 13. Bg5 f6 14. Be3 exd4
15. Qxe7 Bxe7 16. Nxd4 Ne5 17. Rac1 Bd7 18. h3 Rad8 19. f4 Nf7 20. Bf2 Bc5 21.
a3 Bc8 22. b4 Bxd4 23. Bxd4 a6 24. Bb6 Rxd1+ 25. Rxd1 Be6 26. Bf1 h5 27. Kf2
Bf5 28. Bg2 Be6 29. Re1 Nd6 30. c5 Nc4 1/2-1/2

[Event "XXIV Festival A"]
[Site "Arco ITA"]
[Date "2002.10.19"]
[Round "2"]
[White "Drasko, Milan"]
[Black "Lommers, Frank"]
[Result "1-0"]
[WhiteElo "2477"]
[BlackElo "2212"]
[PlyCount "63"]
[EventDate "2002.10.18"]

1. d4 Nf6 2. c4 g6 3. Nf3 Bg7 4. g3 O-O 5. Bg2 d6 6. O-O Nbd7 7. Qc2 e5 8. Rd1
Re8 9. e4 exd4 10. Nxd4 a6 11. Nc3 Rb8 12. h3 c5 13. Nde2 Ne5 14. f4 Nxc4 15.
b3 Na5 16. e5 Bf5 17. Qb2 Nd7 18. Rxd6 b5 19. Be3 Qc8 20. Rad1 b4 21. Nd5 c4
22. Nd4 Nxe5 23. fxe5 Bxe5 24. Qf2 cxb3 25. axb3 Bxd6 26. Nf6+ Kh8 27. Nxe8 Be5
28. Nxf5 gxf5 29. Nd6 Qc7 30. Bf4 Bxf4 31. Qxf4 Nxb3 32. Nxf7+ 1-0

[Event "XXIV Festival A"]
[Site "Arco ITA"]
[Date "2002.10.19"]
[Round "2"]
[White "Fontanari, Maurizio"]
[Black "Giuriato, Sergio"]
[Result "1/2-1/2"]
[WhiteElo "2034"]
[BlackElo "1842"]
[PlyCount "52"]
[EventDate "2002.10.18"]

1. d4 Nf6 2. c4 e6 3. g3 Bb4+ 4. Nd2 d5 5. Bg2 O-O 6. Qc2 Nbd7 7. Ngf3 c6 8.
O-O Bd6 9. b3 e5 10. cxd5 cxd5 11. dxe5 Nxe5 12. Bb2 Nc6 13. Rad1 Be6 14. Ng5
Ne5 15. Nxe6 fxe6 16. e4 Rc8 17. Qb1 Qb6 18. exd5 Nxd5 19. Rde1 Nc3 20. Qa1 Nd3
21. Bxc3 Nxe1 22. Qxe1 Rxc3 23. Nc4 Rxc4 24. Qxe6+ Kh8 25. Qxc4 Bc5 26. Qe2 h6
1/2-1/2

[Event "XXIV Festival A"]
[Site "Arco ITA"]
[Date "2002.10.19"]
[Round "2"]
[White "Friedrich, Norbert"]
[Black "Dervishi, Erald"]
[Result "0-1"]
[WhiteElo "2296"]
[BlackElo "2513"]
[PlyCount "68"]
[EventDate "2002.10.18"]

1. e4 e5 2. Nf3 Nc6 3. Nc3 Nf6 4. d4 exd4 5. Nxd4 Bb4 6. Nxc6 bxc6 7. Bd3 O-O
8. O-O d5 9. exd5 cxd5 10. Bg5 c6 11. Qf3 Bd6 12. h3 Rb8 13. Na4 Be6 14. Rad1
h6 15. Bxf6 Qxf6 16. Qxf6 gxf6 17. b3 Rfd8 18. Rfe1 Kg7 19. Kf1 f5 20. c3 Kf6
21. Re2 a5 22. Rc2 Be7 23. Be2 c5 24. Rcd2 Ke5 25. Bf3 d4 26. Re2+ Kf6 27. Red2
c4 28. Rxd4 cxb3 29. Rxd8 Bxd8 30. axb3 Bxb3 31. Rd4 Kg7 32. Bd5 Bf6 33. Bxb3
Bxd4 34. Bc2 Bxc3 0-1

[Event "XXIV Festival A"]
[Site "Arco ITA"]
[Date "2002.10.19"]
[Round "2"]
[White "Gerstl, Karl"]
[Black "Knors, Rudi"]
[Result "1/2-1/2"]
[WhiteElo "1837"]
[BlackElo "2034"]
[PlyCount "141"]
[EventDate "2002.10.18"]

1. e4 c6 2. d4 d5 3. Nc3 dxe4 4. Nxe4 Nd7 5. Nf3 Ngf6 6. Ng3 e6 7. Be2 c5 8.
O-O Qc7 9. c4 cxd4 10. Nxd4 a6 11. Be3 Be7 12. Rc1 O-O 13. Qc2 b6 14. Rfe1 Bb7
15. Bd3 Nc5 16. Bf1 Ng4 17. b4 Ne4 18. a3 Rfd8 19. Nf3 Nxe3 20. Rxe3 Nf6 21.
Bd3 Bd6 22. Ree1 h6 23. Qe2 Rac8 24. Bb1 Bf4 25. Rcd1 Kf8 26. Bd3 Bc6 27. c5 a5
28. cxb6 Qxb6 29. Rb1 Bd6 30. bxa5 Qxa5 31. Ra1 Qa8 32. a4 Bxf3 33. gxf3 Qd5
34. Bb5 Qg5 35. Red1 Nd5 36. Qd2 Qxd2 37. Rxd2 Bb4 38. Rxd5 Rxd5 39. Rf1 Rdc5
40. Ne2 Rd8 41. Kg2 Rd2 42. Rb1 Rg5+ 43. Ng3 Bc5 44. Rf1 Bb6 45. Kh3 Rgd5 46.
Rc1 f5 47. Rc8+ Rd8 48. Rc6 R2d6 49. Rc2 Ke7 50. Re2 g6 51. Rc2 Rd2 52. Rc6
Bxf2 53. Rc7+ Kf6 54. Nf1 R2d5 55. Rc2 Bb6 56. Rc6 R5d6 57. Rc2 g5 58. Kg2 h5
59. h3 e5 60. Kg3 e4 61. fxe4 fxe4 62. h4 Bd4 63. hxg5+ Kxg5 64. Re2 Kf5 65.
Kh3 h4 66. Nd2 Re6 67. Nxe4 Rxe4 68. Bd3 Rde8 69. Rxe4 Rxe4 70. Bxe4+ Kxe4 71.
Kxh4 1/2-1/2

[Event "XXIV Festival A"]
[Site "Arco ITA"]
[Date "2002.10.19"]
[Round "2"]
[White "Godena, Michele"]
[Black "Luciani, Carlo"]
[Result "1-0"]
[WhiteElo "2506"]
[BlackElo "2227"]
[PlyCount "91"]
[EventDate "2002.10.18"]

1. e4 e5 2. Nf3 Nc6 3. Bb5 a6 4. Ba4 Nf6 5. d3 d6 6. c3 g6 7. Nbd2 Bg7 8. Nf1
h6 9. Ng3 O-O 10. h3 Re8 11. O-O d5 12. exd5 Qxd5 13. Re1 b5 14. c4 bxc4 15.
dxc4 Qxd1 16. Rxd1 Bb7 17. Be3 Re6 18. a3 e4 19. Nd4 Nxd4 20. Bxd4 Rd8 21. Be3
Rd3 22. Bc2 Rd7 23. Ne2 Red6 24. Rxd6 cxd6 25. Rd1 Ne8 26. Ba4 Rd8 27. Bxe8
Rxe8 28. Rxd6 Be5 29. Rb6 Rd8 30. Bf4 Bxf4 31. Nxf4 Rd7 32. c5 Rc7 33. b4 Kf8
34. Rd6 Bc6 35. Nd5 Bxd5 36. Rxd5 Rc6 37. Kf1 f5 38. Rd7 f4 39. Ke2 g5 40. Rb7
Rf6 41. Rb6 f3+ 42. gxf3 Rxf3 43. Rxa6 Rxh3 44. b5 Ke7 45. b6 Rb3 46. c6 1-0

[Event "XXIV Festival A"]
[Site "Arco ITA"]
[Date "2002.10.19"]
[Round "2"]
[White "Lovati, Paolo"]
[Black "Egger, Martin"]
[Result "1-0"]
[WhiteElo "2097"]
[BlackElo "2006"]
[PlyCount "73"]
[EventDate "2002.10.18"]

1. c4 Nf6 2. g3 g6 3. Bg2 Bg7 4. Nf3 O-O 5. O-O d6 6. Nc3 c6 7. d3 Qa5 8. Bd2
Qh5 9. Rb1 Bh3 10. Ng5 Bxg2 11. Kxg2 h6 12. Nh3 Qf5 13. b4 d5 14. cxd5 cxd5 15.
Qb3 d4 16. Na4 Rd8 17. Rfc1 Nd5 18. Nf4 Nxf4+ 19. Bxf4 e5 20. Bd2 Nd7 21. Nc5
Nxc5 22. Rxc5 Rd7 23. Rbc1 Rad8 24. f3 Qf6 25. b5 Bf8 26. Rc8 Kg7 27. Qa4 b6
28. R8c7 Qe7 29. Qxa7 f5 30. Bb4 Qe8 31. Bxf8+ Kxf8 32. Qxb6 Rd6 33. R1c6 e4
34. fxe4 fxe4 35. Rxd6 exd3 36. Rf6+ Kg8 37. Rxg6+ 1-0

[Event "XXIV Festival A"]
[Site "Arco ITA"]
[Date "2002.10.19"]
[Round "2"]
[White "Molnar, Bela"]
[Black "Astengo, Corrado"]
[Result "1-0"]
[WhiteElo "2404"]
[BlackElo "2172"]
[PlyCount "113"]
[EventDate "2002.10.18"]

1. e4 e6 2. d4 d5 3. Nc3 Nc6 4. Nf3 Nf6 5. Bg5 Be7 6. e5 Ne4 7. Bxe7 Qxe7 8.
Bd3 Nxc3 9. bxc3 b6 10. h4 Bb7 11. h5 O-O-O 12. h6 f6 13. Bb5 f5 14. Qd2 gxh6
15. Qxh6 Rdg8 16. Qf6 Qe8 17. Rh6 Rg6 18. Rxg6 hxg6 19. Kd2 Rf8 20. Qg5 Rh8 21.
Nh4 Qe7 22. Nf3 Qxg5+ 23. Nxg5 Nd8 24. Ke3 c6 25. Be2 Kd7 26. g3 Ke7 27. Bf3
Nf7 28. Kf4 Rh2 29. Rh1 Rxh1 30. Bxh1 Ba6 31. Bf3 Nxg5 32. Kxg5 Kf7 33. Kh6 Bc4
34. a3 Bb5 35. Bd1 Ba4 36. f4 a5 37. Kh7 c5 38. Kh6 Bb5 39. g4 Ba4 40. g5 Be8
41. Kh7 Kf8 42. c4 dxc4 43. dxc5 bxc5 44. c3 Kf7 45. Be2 Kf8 46. Bxc4 Kf7 47.
Be2 a4 48. Bf3 Kf8 49. Bb7 Kf7 50. Bc8 Bb5 51. Bxe6+ Kxe6 52. Kxg6 Bc4 53. Kg7
Kd5 54. Kf6 Ke4 55. e6 Kxf4 56. e7 Bb5 57. g6 1-0

[Event "XXIV Festival A"]
[Site "Arco ITA"]
[Date "2002.10.19"]
[Round "2"]
[White "Okkes, Menno"]
[Black "Epishin, Vladimir V."]
[Result "0-1"]
[WhiteElo "2297"]
[BlackElo "2628"]
[PlyCount "106"]
[EventDate "2002.10.18"]

1. e4 c5 2. Nf3 e6 3. c4 Nc6 4. Nc3 Nge7 5. d4 Nxd4 6. Nxd4 cxd4 7. Qxd4 Nc6 8.
Qd3 Bc5 9. Be2 O-O 10. O-O d6 11. Be3 e5 12. Rad1 Be6 13. Nb5 Qb6 14. a3 a6 15.
Nxd6 Nd4 16. Nf5 Bxf5 17. exf5 Qxb2 18. Bxd4 Qxd4 19. Qxd4 Bxd4 20. Bf3 Ra7 21.
Rb1 b6 22. Rb3 Rc7 23. Be2 Rd8 24. Rd1 Rd6 25. g4 Kf8 26. Kg2 Ke7 27. Rh3 h6
28. Rb3 Rcd7 29. Kf3 g6 30. Ke4 gxf5+ 31. gxf5 Bxf2 32. Rxd6 Rxd6 33. Kxe5 Bd4+
34. Ke4 Bc5 35. Rh3 Rd2 36. Bd3 Bxa3 37. Rxh6 Bc5 38. Rh8 a5 39. h4 a4 40. h5
a3 41. h6 Kf6 42. Rc8 Rh2 43. Bb1 Rh4+ 44. Kd5 Rh1 45. Ba2 Kg5 46. Rg8+ Kf4 47.
Rh8 Rh2 48. Bb1 a2 49. Bxa2 Rxa2 50. Rh7 Rd2+ 51. Kc6 Rd6+ 52. Kb5 Rf6 53. Rg7
Rxf5 0-1

[Event "XXIV Festival A"]
[Site "Arco ITA"]
[Date "2002.10.19"]
[Round "2"]
[White "Papp, Judit"]
[Black "Jurkovic, Ante"]
[Result "0-1"]
[WhiteElo "2138"]
[BlackElo "2340"]
[PlyCount "84"]
[EventDate "2002.10.18"]

1. e4 d6 2. d4 Nf6 3. Nc3 Nbd7 4. Nf3 e5 5. Bc4 Be7 6. O-O O-O 7. Re1 c6 8. a4
a5 9. b3 h6 10. Bb2 Re8 11. Qd3 Qc7 12. Rad1 Nb6 13. dxe5 dxe5 14. h3 Bb4 15.
Re2 Nfd7 16. Nd2 Nc5 17. Qe3 Be6 18. Bd3 Ncd7 19. Qg3 f6 20. Nf3 Nf8 21. Nh4
Kh7 22. Nd5 Qd8 23. f4 Bd6 24. fxe5 Bxe5 25. Bxe5 fxe5 26. Ne3 Nbd7 27. Nhf5 g6
28. Rf1 Qg5 29. Qf2 gxf5 30. exf5 Bd5 31. c4 e4 32. Bb1 Bf7 33. f6 Nc5 34. Nf5
Re5 35. Nd6 Bg6 36. h4 Qg4 37. f7 Qe6 38. Ne8 Rf5 39. Qd4 Qe5 40. Qd1 Rxf7 41.
Rxf7+ Bxf7 42. Nd6 Bg6 0-1